000 00527nam a2200193Ia 4500
005 20250923145149.0
008 008 250917s9999 xx 000 0 eng d
037 _aTextual
040 _aDSWL
_beng
_cDSWL
041 _aeng
_2eng
084 _aR39(Y)x, N65
_qDSWL
245 0 _aSocialist Humanism
_cEd.by Evich Fromm
260 _aLondon
_bAllen Lane The Penguin Press
_c1967
300 _a392p.
365 _aINR
_b50
925 _g50
942 _cTEXL
_hR39(Y)x, N65
999 _c1447930
_d1447930